| 000 | 006930000a22002290004500 | ||
|---|---|---|---|
| 001 | 51229 | ||
| 010 | _a978-989-552-382-5 | ||
| 021 |
_aPT _b279252/08 |
||
| 100 | _a20111230d2011 e y0pory5003 ba | ||
| 101 | 0 | _apor | |
| 102 | _aPT | ||
| 200 | 1 |
_aO rapaz perdido _fTHomas Wolf _gtrad. Maria Correia |
|
| 210 |
_aVila Nova de Famalicão _cQuasi _d2008 |
||
| 215 | _a93 p. | ||
| 606 |
_92081 _aLiteratura estrangeira _xConto |
||
| 675 |
_a821.111(73)-34"19" _vBN _zpor |
||
| 700 | 1 |
_948023 _aWolfe _bThomas _f1900-1938 |
|
| 702 | 1 |
_915224 _4730 _aCorreia _bMaria |
|
| 801 |
_aPT _bBN _c20111230 |
||
| 090 | _a51229 | ||
| 942 |
_cMON _n0 |
||
| 999 | _a51229 | ||